| 000 | 00476nam a22001937a 4500 | ||
|---|---|---|---|
| 003 | CEME | ||
| 005 | 20210628202711.0 | ||
| 008 | 210122b xxu||||| |||| 00| 0 eng d | ||
| 020 | _a0-12-369427-2 | ||
| 040 | _cceme | ||
| 082 | _a516 MEY | ||
| 100 |
_aMeyer , Walter _961159 |
||
| 245 | _aGeometry and its applications | ||
| 250 | _a2ND | ||
| 260 |
_aNEW YORK _bACADEMIC PRESS _c2006 |
||
| 300 | _aXIX,538 P | ||
| 650 |
_aGEOMETRY- TEXT BOOKS _961160 |
||
| 942 |
_cBK _2ddc |
||
| 999 |
_c570706 _d570706 |
||